000 00911nam a22002417a 4500
001 3662
003 FISKH
005 20240403150144.0
008 240403b cb ||||| |||| 00| 0 eng d
040 _aFISK
_beng
_cFISK
_dFISK
050 _aDF234.W715
082 _a938.07092
100 _aWilhelm Doug
_d1952-
245 _aAlexander the great, master of the ancient world /
_cDoug Wilhelm
260 _aNew York :
_bFranklin Watts,
_c2016
300 _a144 pages :
_bColor illustrations,
_c19 cm
505 _aU
520 _aAn engaging narrative about Alexander the Great who became king of Macedonia at age 20; commanded the best-trained fighting force in the ancient world; and carved a 12,000 mile-path across Asia, defeating princes, satraps, and kings to become a legend in his own time.
521 8 _a960
_bLexile
700 _aDoug Wilhelm
942 _2ddc
_cBK
_n0
999 _c3662
_d3662